000 00442nam a2200181Ia 4500
005 20250425161652.0
008 250425s9999 xx 000 0 und d
041 _aeng
082 _a621.317
100 _aLEWIS, GEOFFREY E.
245 0 _aTHE PROTECTION OF TRANSMISSION SYSTEMS AGAINST LIGHTNING
250 _aS.E.
260 _aEstados Unidos
_bDOVER
_c1965
260 _aNEW YORK
300 _a422
942 _c01
010 _a25458
999 _c213706
_d213706